| 000 | 00343nam a2200109Ia 4500 | ||
|---|---|---|---|
| 008 | 230907s9999||||xx |||||||||||||| ||und|| | ||
| 082 |
_a620.118973 _bMOO |
||
| 245 | 0 | _aElectromagnetic composites handbook : models, measurement, and characterization / by Rick Moore | |
| 260 |
_aMcGraw-Hill, _bNew York : _c2016 |
||
| 300 | _a404 p. | ||
| 942 | _cBK | ||
| 999 |
_c600948 _d600948 |
||